Normal view
MARC view
Entry Personal Name
001 - CONTROL NUMBER
- control field: 29666
003 - CONTROL NUMBER IDENTIFIER
- control field: ARRUPE
005 - DATE AND TIME OF LATEST TRANSACTION
- control field: 20170405121350.0
008 - FIXED-LENGTH DATA ELEMENTS
- fixed length control field: 170405|| aca||aabn | a|a d
040 ## - CATALOGING SOURCE
- Original cataloging agency: ARRUPE
- Transcribing agency: ARRUPE
100 ## - HEADING--PERSONAL NAME
- Personal name: Markoe, John P.
670 ## - SOURCE DATA FOUND
- Source citation: Work cat.: (ARRUPE)28078: Smith, Jeffrey H 29664, From Corps to Core